00724nam a2200241 a 4500001001300000003000900013005001700022008004100039020002300080082001400103100002500117245006300142260003200205300001000237500003500247505001100282650001700293700002500310902000800335942000700343952011500350999001700465nice12345678IN_TiNIC20260116014908.0140312s2012 dela grp 000 0 eng  a9789381136768c88000a323bMIS1 aMishra, Ranjan Kumar aConstitutional Rights of Accused and Other Protective Laws aDelhi bAbhijeet Pub c2012 a242p  aincludes index and biblioraphy2 abiblio aHuman Rights1 aMishra, Ranjan Kumar bSRS cBK 001040708StackRoom-aHMIbHMId2014-03-12g880.00l0o323 MIS1p024445r2014-03-12v880.00w2014-03-12yBK c17453d17453